00350 a2200109 4500001001000000005001700010008004100027245006100068100002600129773006800155999001700223ART_4223320260410161807.0260409a 10aRegulación de honorarios en la legislación concursal1 aArduino, Augusto H.L.0 tDoctrina Societaria y Concursalg- Nº 289 (dic. 2011)wREV4298 c21076d21076